[Event "XXVII Festival Conca della Presolana A"]
[Site "Bratto - Castione della Presolana ITA"]
[Date "2007.08.30"]
[Round "8"]
[White "Bove, Alessandro"]
[Black "D'Apa, Matteo"]
[Result "0-1"]
[WhiteElo "2173"]
[BlackElo "2055"]
[PlyCount "120"]
[EventDate "2007.08.23"]

1. d4 d5 2. Nf3 c6 3. g3 Nf6 4. Bg2 e6 5. O-O Be7 6. c4 O-O 7. Nc3 Nbd7 8. b3
b6 9. cxd5 Nxd5 10. Bb2 Bb7 11. Nxd5 exd5 12. Rc1 Rc8 13. Bh3 Rc7 14. Qc2 Re8
15. Bc3 Bg5 16. Nxg5 Qxg5 17. Bd2 Qe7 18. Bf4 Rcc8 19. Qf5 Nf8 20. Be3 Rcd8 21.
Qb1 Qf6 22. b4 Ne6 23. Rfd1 Ng5 24. Bg2 Ne4 25. b5 c5 26. Bxe4 Rxe4 27. dxc5
bxc5 28. Rxc5 d4 29. Bg5 Qd6 30. Rc6 Bxc6 31. bxc6 Rde8 32. Qb7 Qd5 33. Qd7
Qxg5 34. c7 Qc5 35. Rb1 Qf8 36. Rb5 R4e7 37. Qd6 Rc8 38. Rb7 h6 39. Rxa7 Rexc7
40. Qxc7 Rxc7 41. Rxc7 Qa3 42. Rd7 Qxa2 43. Kg2 Qc4 44. Rd8+ Kh7 45. h4 Kg6 46.
Kg1 Kf5 47. Kg2 Kf6 48. Kf1 Ke7 49. Rb8 Qc1+ 50. Kg2 Qc6+ 51. Kg1 Qe4 52. Rb2
h5 53. Rd2 f6 54. Rb2 g5 55. hxg5 fxg5 56. Rb4 Qd5 57. Ra4 h4 58. Ra7+ Ke6 59.
Ra6+ Ke5 60. Kh2 Kf5 0-1

[Event "XXVII Festival Conca della Presolana A"]
[Site "Bratto - Castione della Presolana ITA"]
[Date "2007.08.30"]
[Round "8"]
[White "Brunello, Sabino"]
[Black "Buono, Michele"]
[Result "1-0"]
[WhiteElo "2475"]
[BlackElo "2170"]
[PlyCount "57"]
[EventDate "2007.08.23"]

1. e4 Nf6 2. e5 Nd5 3. d4 d6 4. Nf3 g6 5. Be2 Bg7 6. O-O O-O 7. c4 Nb6 8. exd6
cxd6 9. Nc3 Nc6 10. Be3 Bg4 11. b3 d5 12. c5 Nd7 13. Ne1 Bxe2 14. Nxe2 Re8 15.
Rc1 Qa5 16. Nd3 Rad8 17. b4 Qc7 18. b5 Na5 19. Bf4 e5 20. Bg3 f6 21. Qa4 Nf8
22. Rfd1 Ne6 23. Nb4 Nf4 24. Bxf4 exf4 25. Nc3 b6 26. Ncxd5 Qf7 27. cxb6 axb6
28. Nxb6 Nb7 29. Nc6 1-0

[Event "XXVII Festival Conca della Presolana A"]
[Site "Bratto - Castione della Presolana ITA"]
[Date "2007.08.30"]
[Round "8"]
[White "Campomori, Bruno"]
[Black "Bracaglia, Carlo"]
[Result "0-1"]
[WhiteElo "2043"]
[BlackElo "2134"]
[PlyCount "90"]
[EventDate "2007.08.23"]

1. e4 c6 2. d4 d5 3. Nc3 dxe4 4. Nxe4 Nf6 5. Ng5 h6 6. N5f3 Bf5 7. Bd3 Nbd7 8.
Ne2 Bxd3 9. Qxd3 e6 10. Bd2 Qc7 11. c4 O-O-O 12. Qc2 c5 13. O-O g5 14. dxc5
Nxc5 15. Bc3 Nce4 16. Bxf6 Nxf6 17. Qc3 Bg7 18. Rad1 Nh5 19. Qe3 Kb8 20. b3
Rxd1 21. Rxd1 Rd8 22. Rd3 Rd7 23. g3 Qd8 24. Nfd4 e5 25. Nb5 Rxd3 26. Qxa7+ Kc8
27. Qc5+ Kd7 28. Nec3 Qc8 29. Qa7 Qc6 30. Qa8 Ke6 31. Nd5 Rd1+ 32. Kg2 Rxd5 33.
Na7 Qd7 34. cxd5+ Qxd5+ 35. Kg1 Kf6 36. Qe8 Kg6 37. Nc8 Bf6 38. Qf8 e4 39. Nd6
Bd4 40. g4 Ng7 41. Nc4 Ne6 42. Qg8+ Ng7 43. Qc8 b5 44. Na5 e3 45. Qc2+ f5 0-1

[Event "XXVII Festival Conca della Presolana A"]
[Site "Bratto - Castione della Presolana ITA"]
[Date "2007.08.30"]
[Round "8"]
[White "Canova, Luca"]
[Black "Pagnoncelli, Marco"]
[Result "0-1"]
[WhiteElo "2082"]
[BlackElo "2129"]
[PlyCount "60"]
[EventDate "2007.08.23"]

1. e4 c5 2. Nf3 d6 3. d4 cxd4 4. Nxd4 Nf6 5. Nc3 g6 6. Be3 Bg7 7. f3 O-O 8. Qd2
Nc6 9. Bc4 Bd7 10. h4 Qa5 11. Bb3 Rfc8 12. O-O-O Ne5 13. Kb1 b5 14. Ncxb5 Qa6
15. Na3 Rab8 16. h5 Nxh5 17. Nf5 Bxf5 18. exf5 Ng3 19. fxg6 hxg6 20. Bh6 Nxh1
21. Rxh1 Bf6 22. Bg5 d5 23. f4 Nc4 24. Qxd5 Nxa3+ 25. bxa3 Qc4 26. Bxf6 exf6
27. Qd2 Qc3 28. Qf2 a5 29. Qa7 Qxc2+ 30. Ka1 Qc3+ 0-1

[Event "XXVII Festival Conca della Presolana A"]
[Site "Bratto - Castione della Presolana ITA"]
[Date "2007.08.30"]
[Round "8"]
[White "Capece, Adolivio"]
[Black "Cugini, Verter"]
[Result "0-1"]
[WhiteElo "2049"]
[BlackElo "2199"]
[PlyCount "78"]
[EventDate "2007.08.23"]

1. Nf3 g6 2. c4 Bg7 3. Nc3 e5 4. d3 Ne7 5. g3 O-O 6. Bg5 f6 7. Bd2 d5 8. cxd5
Kh8 9. h4 Nxd5 10. h5 gxh5 11. Rxh5 Bg4 12. Rh4 Bxf3 13. exf3 Nxc3 14. bxc3 Nc6
15. Qc1 Qe8 16. Qb2 b6 17. O-O-O Ne7 18. Be2 Nf5 19. Rh2 Rf7 20. f4 Bf8 21. Qb3
Rg7 22. g4 Nd6 23. Rdh1 Qf7 24. Qb1 Qd7 25. fxe5 fxe5 26. g5 Qf5 27. Rh6 Rf7
28. R6h2 Be7 29. Bh5 Rg7 30. g6 Bg5 31. Bxg5 Qxg5+ 32. Kc2 Rf8 33. Qe1 Rf4 34.
Qe2 Re7 35. f3 Nf5 36. Rg2 Qxg2 37. Qxg2 Ne3+ 38. Kd2 Nxg2 39. Bg4 Rf6 0-1

[Event "XXVII Festival Conca della Presolana A"]
[Site "Bratto - Castione della Presolana ITA"]
[Date "2007.08.30"]
[Round "8"]
[White "Capurro, Giuliano"]
[Black "Pulvirenti, Gianni"]
[Result "1-0"]
[WhiteElo "2139"]
[BlackElo "1987"]
[PlyCount "125"]
[EventDate "2007.08.23"]

1. e4 d5 2. exd5 Nf6 3. Nf3 Nxd5 4. d4 Bf5 5. Bd3 Bxd3 6. Qxd3 c6 7. O-O e6 8.
c4 Nf6 9. Nc3 Be7 10. Bf4 O-O 11. Rad1 Qa5 12. Rfe1 Bb4 13. Be5 Nbd7 14. h3
Rad8 15. Qd2 Qa6 16. a3 Nxe5 17. Nxe5 Bd6 18. Qe2 Qa5 19. f4 Rfe8 20. Ne4 Nxe4
21. Qxe4 Qc7 22. g3 Qb8 23. Nf3 c5 24. Ng5 g6 25. d5 exd5 26. Qxd5 Rxe1+ 27.
Rxe1 Qc7 28. Qf3 Be7 29. Ne4 Rd4 30. Nc3 Qd7 31. Nd5 Bd8 32. b3 Kg7 33. g4 b5
34. Rd1 Bf6 35. Re1 bxc4 36. bxc4 Rxc4 37. Rd1 Bd4+ 38. Kh1 Rc2 39. Qe4 Qa4 40.
Re1 Qxa3 41. Qxc2 Qxh3+ 42. Qh2 Qxg4 43. Ne3 Qf3+ 44. Ng2 h5 45. Qh4 a5 46. Kh2
a4 47. Re8 Qf1 48. Qe1 Qf3 49. Qe7 Qf2 50. Qe1 Qf3 51. Qe2 Qc3 52. Qe7 a3 53.
Qf8+ Kf6 54. Qh8+ Kf5 55. Qh6 Bf6 56. Ne3+ Qxe3 57. Rxe3 a2 58. Ra3 a1=Q 59.
Rxa1 Bxa1 60. Qg5+ Ke6 61. Qxc5 Kf6 62. Qf8 Ke6 63. Qe8+ 1-0

[Event "XXVII Festival Conca della Presolana A"]
[Site "Bratto - Castione della Presolana ITA"]
[Date "2007.08.30"]
[Round "8"]
[White "Carosso, Andrea"]
[Black "Cardili, Mariano"]
[Result "0-1"]
[WhiteElo "2046"]
[BlackElo "2094"]
[PlyCount "66"]
[EventDate "2007.08.23"]

1. c4 c6 2. e4 d5 3. exd5 cxd5 4. cxd5 Nf6 5. Bb5+ Nbd7 6. Nc3 a6 7. Qa4 Rb8 8.
Be2 b5 9. Qf4 Bb7 10. Bf3 Nb6 11. d6 e6 12. d7+ Nbxd7 13. Bxb7 Rxb7 14. Nf3 Nc5
15. O-O Nd3 16. Qg3 Bd6 17. Qh4 O-O 18. Ne4 Nxe4 19. Qxe4 Rd7 20. Ne1 Bc5 21.
Nxd3 Rxd3 22. Qc6 Bb6 23. a4 b4 24. a5 Rd6 25. Qa4 Bc5 26. Qb3 Rd3 27. Qc4 Qd6
28. Re1 h6 29. g3 Rxg3+ 30. hxg3 Qxg3+ 31. Kh1 Bxf2 32. Qf1 Bxe1 33. d4 Bf2 0-1

[Event "XXVII Festival Conca della Presolana A"]
[Site "Bratto - Castione della Presolana ITA"]
[Date "2007.08.30"]
[Round "8"]
[White "Castelfranchi, Carlo"]
[Black "Radice, Luca"]
[Result "0-1"]
[WhiteElo "2114"]
[BlackElo "2056"]
[PlyCount "96"]
[EventDate "2007.08.23"]

1. e4 e6 2. d4 d5 3. Nd2 Nc6 4. Ngf3 Nf6 5. e5 Nd7 6. Be2 f6 7. exf6 Qxf6 8.
Nf1 Bd6 9. Ne3 Ne7 10. Ng4 Qg6 11. Nh4 Qf7 12. O-O O-O 13. Nf3 Ng6 14. Ng5 Qe8
15. Bd3 h6 16. Nh3 c5 17. c3 Nf6 18. Nxf6+ Rxf6 19. Qh5 Bd7 20. dxc5 Bxc5 21.
c4 Qf7 22. Be3 b6 23. b4 Bd6 24. cxd5 e5 25. Bg5 hxg5 26. Nxg5 Qe8 27. Qh7+ Kf8
28. Ne4 Nf4 29. Nxf6 gxf6 30. Be4 Rc8 31. g3 Ne2+ 32. Kg2 Qf7 33. Qh6+ Qg7 34.
Qe3 Nf4+ 35. Kh1 Nh3 36. Rac1 Rxc1 37. Rxc1 Qg5 38. a3 Nxf2+ 39. Qxf2 Qxc1+ 40.
Kg2 Ke7 41. Bf5 Bxf5 42. Qxf5 Qd2+ 43. Kh3 Qxd5 44. Qh7+ Qf7 45. Qe4 Qe6+ 46.
Kg2 f5 47. Qh4+ Kd7 48. Qh7+ Be7 0-1

[Event "XXVII Festival Conca della Presolana A"]
[Site "Bratto - Castione della Presolana ITA"]
[Date "2007.08.30"]
[Round "8"]
[White "Cebalo, Miso"]
[Black "Jaracz, Pawel"]
[Result "1-0"]
[WhiteElo "2533"]
[BlackElo "2495"]
[PlyCount "61"]
[EventDate "2007.08.23"]

1. d4 d5 2. c4 c6 3. Nf3 Nf6 4. Nc3 dxc4 5. a4 Bf5 6. Ne5 Nbd7 7. Nxc4 Nb6 8.
Ne5 a5 9. Bg5 g6 10. e3 Bg7 11. Bd3 Be6 12. Nf3 Bg4 13. h3 Bxf3 14. Qxf3 Nbd5
15. O-O O-O 16. Rfd1 Qb6 17. Bc4 h6 18. Bh4 Nb4 19. Rd2 c5 20. d5 g5 21. Bg3
Nd7 22. Qf5 Rad8 23. Rad1 Nf6 24. h4 gxh4 25. Bxh4 Kh8 26. d6 e6 27. Qf3 Nd7
28. Bxd8 Qxd8 29. Qxb7 Ne5 30. Be2 c4 31. d7 1-0

[Event "XXVII Festival Conca della Presolana A"]
[Site "Bratto - Castione della Presolana ITA"]
[Date "2007.08.30"]
[Round "8"]
[White "Chierici, Marianna"]
[Black "Astengo, Corrado"]
[Result "1/2-1/2"]
[WhiteElo "2004"]
[BlackElo "2109"]
[PlyCount "73"]
[EventDate "2007.08.23"]

1. e4 e6 2. d3 d5 3. Nd2 Nf6 4. Ngf3 Nc6 5. e5 Nd7 6. d4 f6 7. exf6 Nxf6 8. g3
Bd6 9. Qe2 O-O 10. Bg2 e5 11. dxe5 Nxe5 12. Nxe5 Bxe5 13. Nf3 Bd6 14. O-O Bg4
15. Qb5 Qc8 16. Re1 c6 17. Qb3 Kh8 18. Nd4 Bc5 19. Be3 Bb6 20. c3 Bh3 21. Nc2
Bxg2 22. Kxg2 Bxe3 23. Nxe3 Ne4 24. f4 Rf6 25. Qd1 Rh6 26. Qg4 Qc7 27. Rad1 Rf8
28. Rf1 Rg6 29. Qh3 Qb6 30. Ng4 Qxb2+ 31. Kg1 Qe2 32. Ne5 Qe3+ 33. Kg2 Qe2+ 34.
Kg1 Qe3+ 35. Kg2 Qe2+ 36. Kg1 Qe3+ 37. Kg2 1/2-1/2

[Event "XXVII Festival Conca della Presolana A"]
[Site "Bratto - Castione della Presolana ITA"]
[Date "2007.08.30"]
[Round "8"]
[White "Chkhaidze, Nikoloz"]
[Black "Esen, Baris"]
[Result "1/2-1/2"]
[WhiteElo "2183"]
[BlackElo "2441"]
[PlyCount "65"]
[EventDate "2007.08.23"]

1. d4 d5 2. c4 c6 3. Nf3 Nf6 4. Nc3 e6 5. e3 Nbd7 6. Qc2 Bd6 7. g4 Nxg4 8. Rg1
f5 9. h3 Ngf6 10. Rxg7 Ne4 11. Bd2 Nf8 12. Rg2 Ng6 13. O-O-O Bd7 14. Be2 Nh4
15. Nxh4 Qxh4 16. Rdg1 Nxd2 17. Kxd2 dxc4 18. Bxc4 O-O-O 19. Qa4 Kb8 20. Qb3 e5
21. d5 f4 22. Kc1 fxe3 23. fxe3 Ka8 24. Kb1 c5 25. e4 Rhf8 26. a3 Qxh3 27. Bb5
Bc8 28. Be2 h5 29. Rg3 Qh2 30. R3g2 Qh3 31. Rg3 Qh2 32. R1g2 Qh1+ 33. Rg1
1/2-1/2

[Event "XXVII Festival Conca della Presolana A"]
[Site "Bratto - Castione della Presolana ITA"]
[Date "2007.08.30"]
[Round "8"]
[White "Cordara, Michele"]
[Black "Di Lascio, Savino"]
[Result "1-0"]
[WhiteElo "2151"]
[BlackElo "2014"]
[PlyCount "101"]
[EventDate "2007.08.23"]

1. Nf3 Nf6 2. c4 Nc6 3. g3 e5 4. d3 Bb4+ 5. Nbd2 O-O 6. Bg2 d5 7. cxd5 Nxd5 8.
O-O h6 9. Nc4 Re8 10. a3 Bc5 11. Ncxe5 Nxe5 12. Nxe5 Bxf2+ 13. Rxf2 Rxe5 14. d4
Nf6 15. Rf1 Rh5 16. Bf3 Ng4 17. e4 Qd7 18. d5 a5 19. Bf4 Ra6 20. Bxg4 Qxg4 21.
Qxg4 Bxg4 22. Bxc7 Be2 23. Rfe1 Bb5 24. Rac1 Kf8 25. Rc5 Bd3 26. Bxa5 Re5 27.
Rc8+ Ke7 28. Bc3 Rxe4 29. Rd1 Kd7 30. Rf8 Bc2 31. Rd2 Ke7 32. Rb8 Re1+ 33. Kf2
Rh1 34. Rxb7+ Kd8 35. Rxf7 Rxh2+ 36. Ke3 Rxd2 37. Kxd2 Bb3 38. Rxg7 Bxd5 39.
Ke3 Bb3 40. Kd4 h5 41. Kc5 Re6 42. Bd4 Bc2 43. b4 Kc8 44. b5 Rg6 45. Rxg6 Bxg6
46. a4 Kb7 47. a5 Bd3 48. a6+ Ka8 49. Kb4 Be2 50. Ka5 Bf3 51. b6 1-0

[Event "XXVII Festival Conca della Presolana A"]
[Site "Bratto - Castione della Presolana ITA"]
[Date "2007.08.30"]
[Round "8"]
[White "Danieli, Enrico"]
[Black "Miatello, Alberto"]
[Result "1/2-1/2"]
[WhiteElo "2117"]
[BlackElo "2062"]
[PlyCount "127"]
[EventDate "2007.08.23"]

1. d4 Nf6 2. Nf3 g6 3. Nc3 d5 4. Bf4 Bg7 5. e3 O-O 6. Be2 c5 7. dxc5 Qa5 8. Nd2
Qxc5 9. Nb3 Qb6 10. Be5 Be6 11. Nb5 Na6 12. Bd4 Qd8 13. Nxa7 Ne4 14. Bxg7 Kxg7
15. Nb5 f6 16. O-O Nd6 17. Nxd6 Qxd6 18. c3 Bf7 19. Qd2 Rfd8 20. Rfd1 e5 21. c4
Qe7 22. cxd5 Bxd5 23. Qe1 Nb4 24. Qf1 Nc2 25. Rac1 Nb4 26. Bc4 Bxc4 27. Qxc4
Rac8 28. Qb5 Rxc1 29. Rxc1 Nxa2 30. Ra1 Qb4 31. Qxb4 Nxb4 32. Kf1 Nc6 33. Ke2
Rd5 34. Rc1 Rb5 35. Rc3 e4 36. f4 exf3+ 37. Kxf3 Ne5+ 38. Ke4 g5 39. Kd4 Nc6+
40. Kc4 Rb4+ 41. Kd5 Kg6 42. Kc5 h5 43. Rd3 h4 44. h3 Kh5 45. Kd6 Ne5 46. Rc3
Rc4 47. Ke6 Kg6 48. Nc5 Rb4 49. b3 Rb6+ 50. Kd5 Nf7 51. Nd3 Rd6+ 52. Ke4 f5+
53. Kf3 Kh5 54. g4+ hxg3 55. Kxg3 Rc6 56. Rxc6 bxc6 57. b4 Kh6 58. Kf3 Kg7 59.
Kg3 Kf6 60. h4 gxh4+ 61. Kxh4 Ne5 62. Nxe5 Kxe5 63. Kg5 Ke4 64. Kf6 1/2-1/2

[Event "XXVII Festival Conca della Presolana A"]
[Site "Bratto - Castione della Presolana ITA"]
[Date "2007.08.30"]
[Round "8"]
[White "Djabri, Zafer M."]
[Black "Jablon, Stephen"]
[Result "1-0"]
[WhiteElo "2091"]
[BlackElo "2024"]
[PlyCount "47"]
[EventDate "2007.08.23"]

1. c4 b6 2. Nc3 Bb7 3. e4 e6 4. Nf3 Bb4 5. Bd3 Na6 6. Qe2 Nc5 7. Bc2 e5 8. Nd5
Na6 9. a3 Bd6 10. d4 exd4 11. e5 Bxd5 12. cxd5 Qe7 13. exd6 Qxe2+ 14. Kxe2 Nf6
15. Nxd4 Nxd5 16. Be4 c6 17. Bxd5 cxd5 18. b4 Rc8 19. Be3 O-O 20. Rac1 Nb8 21.
Nf5 Nc6 22. b5 d4 23. bxc6 dxe3 24. Ne7+ 1-0

[Event "XXVII Festival Conca della Presolana A"]
[Site "Bratto - Castione della Presolana ITA"]
[Date "2007.08.30"]
[Round "8"]
[White "Efimov, Igor"]
[Black "Bresciani, Nicola"]
[Result "1-0"]
[WhiteElo "2426"]
[BlackElo "2278"]
[PlyCount "91"]
[EventDate "2007.08.23"]

1. d4 Nf6 2. Nf3 e6 3. c4 b6 4. a3 Bb7 5. Nc3 d5 6. Bg5 Be7 7. Qa4+ Bc6 8. Qb3
O-O 9. e3 Nbd7 10. cxd5 exd5 11. Be2 Bb7 12. O-O c5 13. Bxf6 Bxf6 14. Nxd5 cxd4
15. Nxf6+ Nxf6 16. Nxd4 Rc8 17. Rfd1 Qe7 18. Bf3 Rc5 19. Rac1 Bxf3 20. Nxf3
Rfc8 21. Rxc5 Qxc5 22. h3 h6 23. Nd4 Qh5 24. Nb5 Qe2 25. Nc3 Qh5 26. Rd4 Qe5
27. a4 g6 28. Qd1 Kg7 29. Qd3 Rc7 30. f4 Qc5 31. Kh2 h5 32. e4 h4 33. Nb5 Re7
34. Qc3 Qxc3 35. Nxc3 Nh5 36. e5 f6 37. Re4 fxe5 38. fxe5 g5 39. Ne2 Kg6 40.
Nd4 Ng3 41. Re1 Nf5 42. Nf3 Rc7 43. Re4 Ng3 44. Rg4 Rc1 45. Nxh4+ Kh5 46. Kxg3
1-0

[Event "XXVII Festival Conca della Presolana A"]
[Site "Bratto - Castione della Presolana ITA"]
[Date "2007.08.30"]
[Round "8"]
[White "Epishin, Vladimir V."]
[Black "Burmakin, Vladimir"]
[Result "1/2-1/2"]
[WhiteElo "2587"]
[BlackElo "2581"]
[PlyCount "58"]
[EventDate "2007.08.23"]

1. d4 d5 2. c4 c6 3. Nf3 Nf6 4. e3 Bf5 5. Bd3 Bxd3 6. Qxd3 e6 7. O-O Nbd7 8.
Nc3 Be7 9. Rd1 O-O 10. e4 dxe4 11. Nxe4 Qc7 12. Nxf6+ Nxf6 13. Qe2 Rad8 14. Bd2
Rfe8 15. a4 Nd7 16. a5 Bf6 17. Bc3 a6 18. b4 Nf8 19. Rd3 Ng6 20. Re3 Nh4 21.
Nxh4 Bxh4 22. Qg4 Bf6 23. Rf3 Qe7 24. Re1 g6 25. Qf4 Bg7 26. h4 Rd7 27. h5 g5
28. Qe3 h6 29. Qd2 Qd8 1/2-1/2

[Event "XXVII Festival Conca della Presolana A"]
[Site "Bratto - Castione della Presolana ITA"]
[Date "2007.08.30"]
[Round "8"]
[White "Erturan, Yakup"]
[Black "Dervishi, Erald"]
[Result "1-0"]
[WhiteElo "2389"]
[BlackElo "2553"]
[PlyCount "193"]
[EventDate "2007.08.23"]

1. e4 e5 2. Nf3 Nc6 3. Bb5 a6 4. Ba4 Nf6 5. O-O Be7 6. d3 b5 7. Bb3 d6 8. a4
Bb7 9. Nc3 b4 10. Nd5 a5 11. Nxe7 Nxe7 12. Nh4 Ng6 13. Nf5 O-O 14. f4 exf4 15.
Bxf4 Nxf4 16. Rxf4 Bc8 17. Qf3 Bxf5 18. Rxf5 c6 19. Rf1 Ra7 20. g4 Qe7 21. g5
Ne8 22. Qg3 Qd8 23. g6 d5 24. gxh7+ Kh8 25. exd5 Nd6 26. Rg5 f6 27. Qf2 Raf7
28. Rg2 c5 29. c3 Qb6 30. Bd1 Re7 31. c4 Nf7 32. Bg4 Ne5 33. Be6 b3 34. Qg3 Qc7
35. Re2 Qb8 36. Rg2 Qe8 37. Rgf2 Nf7 38. Kh1 Nd8 39. Bf5 Re5 40. d4 cxd4 41.
Qxb3 g6 42. Bd3 f5 43. Qb6 Kxh7 44. Qxd4 Nf7 45. Rf3 Nh6 46. c5 Ng4 47. Bb5 Qd8
48. Rh3+ Kg7 49. d6 Rh8 50. Be2 Rxh3 51. Bxg4 Rhe3 52. Bf3 Qf6 53. Bg2 Re6 54.
Qxf6+ Kxf6 55. c6 Rxd6 56. c7 Re8 57. Bb7 Rd4 58. b3 Rb4 59. c8=Q Rxc8 60. Bxc8
Rxb3 61. Kg2 Ke5 62. Re1+ Kf4 63. Ba6 Rb4 64. Bb5 Rd4 65. Re2 g5 66. h3 g4 67.
hxg4 fxg4 68. Rf2+ Kg5 69. Rf7 Rb4 70. Rd7 Kh4 71. Rd2 Rb3 72. Rc2 Rg3+ 73. Kf1
Rf3+ 74. Ke2 Rf7 75. Rc8 g3 76. Bc6 Rf2+ 77. Kd3 Rb2 78. Rh8+ Kg4 79. Kd4 Rb4+
80. Ke3 Rb6 81. Be4 Rb4 82. Rg8+ Kh3 83. Kf4 Kh2 84. Ke3 Rb3+ 85. Ke2 Kh3 86.
Bd5 Rb2+ 87. Kf3 Rf2+ 88. Ke3 Rf6 89. Rh8+ Kg4 90. Be4 Rf7 91. Rg8+ Kh3 92. Rg5
Kh2 93. Rxa5 g2 94. Bxg2 Re7+ 95. Kd3 Re1 96. Rc5 Ra1 97. Rc4 1-0

[Event "XXVII Festival Conca della Presolana A"]
[Site "Bratto - Castione della Presolana ITA"]
[Date "2007.08.30"]
[Round "8"]
[White "Fierro Baquero, Martha Lorena"]
[Black "Valsecchi, Alessio"]
[Result "1-0"]
[WhiteElo "2344"]
[BlackElo "2175"]
[PlyCount "83"]
[EventDate "2007.08.23"]

1. e4 c5 2. Nc3 Nc6 3. Bb5 g6 4. Bxc6 dxc6 5. d3 Bg7 6. Be3 b6 7. Qd2 e5 8. f4
Nf6 9. fxe5 Ng4 10. Bg5 Qc7 11. Nf3 Nxe5 12. O-O-O Be6 13. Rdf1 h6 14. Bf4 g5
15. Bg3 O-O-O 16. Qf2 Kb7 17. Kb1 Rd7 18. Nd1 f6 19. Ne3 Qc8 20. Nxe5 fxe5 21.
Qe1 h5 22. Qc3 Re8 23. Nf5 Bf6 24. b3 Qc7 25. h3 Bxf5 26. Rxf5 Re6 27. Rxf6
Rxf6 28. Bxe5 Rfd6 29. Rf1 Re7 30. Rf5 g4 31. Rxh5 gxh3 32. gxh3 Rf7 33. Kb2
Rf1 34. Rh6 Qe7 35. Rxd6 Qg5 36. Ka3 Rb1 37. Rd7+ Ka6 38. Qc4+ b5 39. Qxc5 Qc1+
40. Kb4 Rxb3+ 41. Kxb3 Qb1+ 42. Bb2 1-0

[Event "XXVII Festival Conca della Presolana A"]
[Site "Bratto - Castione della Presolana ITA"]
[Date "2007.08.30"]
[Round "8"]
[White "Fontana, Enrico"]
[Black "Gasperoni, Stefano"]
[Result "1-0"]
[WhiteElo "2128"]
[BlackElo "2024"]
[PlyCount "109"]
[EventDate "2007.08.23"]

1. d4 Nf6 2. Nf3 b6 3. e3 Bb7 4. Bd3 e6 5. Nbd2 c5 6. c3 Nc6 7. O-O cxd4 8.
exd4 Be7 9. Re1 O-O 10. Qe2 Re8 11. Ne4 Nxe4 12. Qxe4 f5 13. Qe2 Qc7 14. Bg5 h6
15. Bd2 Bf6 16. Ne5 Rad8 17. Rad1 Ne7 18. Qh5 Bxe5 19. dxe5 Qc6 20. Bf1 Qa4 21.
Bc1 Qg4 22. Qxg4 fxg4 23. Be2 h5 24. Bg5 Bc6 25. h3 gxh3 26. Bxh5 g6 27. Bf3
Bxf3 28. gxf3 Kf7 29. Kh2 Rh8 30. Rd3 Rh5 31. f4 Ke8 32. Ree3 Rc8 33. Rxh3 Nf5
34. Rxh5 gxh5 35. Rh3 Rc4 36. Rxh5 Re4 37. Rh8+ Kf7 38. Rd8 Re2 39. Rxd7+ Kg6
40. Kg2 Kh5 41. Kf3 Rxb2 42. Rxa7 Rc2 43. Ra3 b5 44. Rb3 Kg6 45. Ke4 Rxa2 46.
Rxb5 Rxf2 47. Rb6 Kf7 48. Rb7+ Kg6 49. Kd3 Rf3+ 50. Kc4 Ne3+ 51. Kc5 Nd5 52.
Kd6 Nxf4 53. Bxf4 Rxf4 54. Rc7 Re4 55. Kxe6 1-0

[Event "XXVII Festival Conca della Presolana A"]
[Site "Bratto - Castione della Presolana ITA"]
[Date "2007.08.30"]
[Round "8"]
[White "Godena, Michele"]
[Black "De Santis, Alessio"]
[Result "1/2-1/2"]
[WhiteElo "2547"]
[BlackElo "2345"]
[PlyCount "91"]
[EventDate "2007.08.23"]

1. e4 e6 2. d4 d5 3. Nd2 Nf6 4. e5 Nfd7 5. Bd3 c5 6. c3 Nc6 7. Ne2 cxd4 8. cxd4
f6 9. exf6 Nxf6 10. Nf3 Bd6 11. O-O O-O 12. Bf4 Bxf4 13. Nxf4 Qd6 14. g3 Re8
15. Re1 e5 16. dxe5 Nxe5 17. Nxe5 Rxe5 18. Rxe5 Qxe5 19. Qe2 Qxe2 20. Nxe2 Bd7
21. Rc1 Rc8 22. Rxc8+ Bxc8 23. f3 Kf7 24. Kf2 Ke7 25. Ke3 Kd6 26. Kd4 h6 27.
Nc3 a6 28. Bc2 Be6 29. Bb3 g5 30. a3 Bf7 31. Ba2 Be6 32. b4 b6 33. a4 Bf7 34.
Bb3 Be6 35. Ba2 Bf7 36. Nd1 Ng8 37. b5 axb5 38. axb5 Ne7 39. Bb1 Bg6 40. Bxg6
Nxg6 41. Ne3 Ne5 42. Nf5+ Ke6 43. Ng7+ Kd6 44. Nf5+ Ke6 45. Ng7+ Kd6 46. Nf5+
1/2-1/2

[Event "XXVII Festival Conca della Presolana A"]
[Site "Bratto - Castione della Presolana ITA"]
[Date "2007.08.30"]
[Round "8"]
[White "Griffa, Roberto"]
[Black "Piemonti, Carlo"]
[Result "1/2-1/2"]
[WhiteElo "2121"]
[BlackElo "2029"]
[PlyCount "30"]
[EventDate "2007.08.23"]

1. d4 d5 2. c4 e6 3. Nc3 Be7 4. cxd5 exd5 5. Bf4 c6 6. Qc2 Nf6 7. e3 O-O 8. Bd3
Nbd7 9. Nf3 Re8 10. O-O Nf8 11. a3 Nh5 12. Bg3 Nxg3 13. hxg3 Ng6 14. b4 b6 15.
Rfc1 Bb7 1/2-1/2

[Event "XXVII Festival Conca della Presolana A"]
[Site "Bratto - Castione della Presolana ITA"]
[Date "2007.08.30"]
[Round "8"]
[White "Guido, Flavio"]
[Black "Salvador, Roland"]
[Result "1/2-1/2"]
[WhiteElo "2331"]
[BlackElo "2461"]
[PlyCount "142"]
[EventDate "2007.08.23"]

1. e4 c5 2. c3 Nf6 3. e5 Nd5 4. d4 cxd4 5. Nf3 Nc6 6. Bc4 e6 7. cxd4 d6 8. O-O
Be7 9. Qe2 O-O 10. Nc3 Nxc3 11. bxc3 dxe5 12. dxe5 Qa5 13. Rb1 Rd8 14. Qe4 Qxc3
15. Be3 Na5 16. Rfc1 Qa3 17. Ng5 Bxg5 18. Bxg5 Nxc4 19. Qxc4 Re8 20. Rc3 Qf8
21. Rg3 f5 22. exf6 g6 23. Qc7 e5 24. Rb4 e4 25. h4 a5 26. Rb6 Ra6 27. Rxa6
bxa6 28. Qxa5 Be6 29. Qxa6 h6 30. Bd2 Bf7 31. Qb7 Rd8 32. Bb4 Rb8 33. Bxf8 Rxb7
34. Bxh6 Kh7 35. Bg7 Rb1+ 36. Kh2 Rb2 37. a3 Rxf2 38. Rc3 g5 39. Kg3 Rf1 40.
hxg5 Kg6 41. Bh6 Bd5 42. Rc7 Bf7 43. Rc5 Rb1 44. Rc3 Rf1 45. Kg4 Rf2 46. Rc7
Rxg2+ 47. Kf4 e3 48. Kxe3 Rg3+ 49. Kd4 Rxa3 50. Ke5 Rd3 51. Ra7 Rd5+ 52. Ke4
Rd1 53. Ke5 Re1+ 54. Kd6 Rd1+ 55. Ke5 Re1+ 56. Kf4 Rf1+ 57. Ke3 Re1+ 58. Kf2
Rd1 59. Ra5 Rd4 60. Ke3 Rd1 61. Ke4 Re1+ 62. Kf4 Rf1+ 63. Ke4 Re1+ 64. Kd4 Rd1+
65. Ke5 Re1+ 66. Kd4 Rd1+ 67. Ke5 Re1+ 68. Kd6 Rd1+ 69. Kc7 Rd4 70. Re5 Rd1 71.
Bf8 Rd5 1/2-1/2

[Event "XXVII Festival Conca della Presolana A"]
[Site "Bratto - Castione della Presolana ITA"]
[Date "2007.08.30"]
[Round "8"]
[White "Hoffmann, Michael"]
[Black "Tatai, Stefano"]
[Result "1/2-1/2"]
[WhiteElo "2481"]
[BlackElo "2334"]
[PlyCount "51"]
[EventDate "2007.08.23"]

1. e4 c5 2. Nf3 d6 3. d4 cxd4 4. Nxd4 Nf6 5. Nc3 a6 6. Bg5 e6 7. f4 Qb6 8. Qd3
Qxb2 9. Rb1 Qa3 10. f5 Nc6 11. fxe6 fxe6 12. Nxc6 bxc6 13. Be2 Be7 14. Bh5+
Nxh5 15. Bxe7 Nf4 16. Qg3 Qc5 17. Qxg7 e5 18. Qxh8+ Kxe7 19. Qg7+ Kd8 20. Qg3
Ra7 21. Kd2 Rg7 22. Qxg7 Qd4+ 23. Kc1 Nd3+ 24. cxd3 Qxc3+ 25. Kd1 Qxd3+ 26. Kc1
1/2-1/2

[Event "XXVII Festival Conca della Presolana A"]
[Site "Bratto - Castione della Presolana ITA"]
[Date "2007.08.30"]
[Round "8"]
[White "Horvath, Csaba"]
[Black "Rossi, Carlo"]
[Result "1-0"]
[WhiteElo "2558"]
[BlackElo "2340"]
[PlyCount "69"]
[EventDate "2007.08.23"]

1. d4 Nf6 2. c4 c5 3. d5 e5 4. Nc3 d6 5. e4 g6 6. Bd3 Bg7 7. h3 Nh5 8. Be2 Nf4
9. Bf3 O-O 10. g3 Nh5 11. Bxh5 gxh5 12. Qxh5 f5 13. Nf3 fxe4 14. Ng5 Bf5 15.
Ngxe4 b5 16. cxb5 a6 17. Bg5 Qd7 18. b6 a5 19. Qh4 Rf7 20. Bh6 Ra6 21. Bxg7
Kxg7 22. Qg5+ Bg6 23. Nxc5 dxc5 24. Qxe5+ Rf6 25. g4 h6 26. Qxb8 Qe7+ 27. Kf1
Raxb6 28. Qg3 Rxb2 29. Rh2 c4 30. Kg1 Bd3 31. Qe3 Qb4 32. Rc1 Qa3 33. Rg2 Bg6
34. h4 Rb7 35. h5 1-0